Top 5 49ers with the most receiving yards - Statistics

General Stats
  • This quiz has been taken 24 times
  • The average score is 4 of 5
Answer Stats
Hint Answer % Correct
1985-2000 Jerry Rice
100%
2017-Today George Kittle
90%
1996-2003 Terrell Owens
75%
1979-1987 Dwight Clark
65%
1969-1977 Gene Washington
25%
No matching quizzes found
Score Distribution
Percent of People with Each Score
Percentile by Number Answered
Your Score History
You have not taken this quiz